000 00713nam a2200253Ia 4500
003 OSt
005 20221005093855.0
006 a|||||r|||| 00| 0
007 ta
008 221004b |||||||| |||| 00| 0 eng d
020 _a978 184520 069 5 (pbk)
_c1295
024 _a10634
037 _b337, 21/03/2014, Standard Book House
_cTextual
040 _aCRL
_cCRL
_beng
041 _2eng
_aeng
082 _aQ:361, P5
100 _aNoys Benjamin
_920410
245 0 _aCulture of death
260 _aOxford
_bBerg UK
_c2005
300 _a166p.
_ccm.
650 _aRELIGION
942 _hQ:361, P5
_cTEXL
_2cc
999 _c1001047
_d1001047